Core curriculum for oncology nursing / (Record no. 366774)
[ view plain ]
| 000 -LEADER | |
|---|---|
| fixed length control field | 00623nam a22001937a 4500 |
| 003 - CONTROL NUMBER IDENTIFIER | |
| control field | 0 |
| 005 - DATE AND TIME OF LATEST TRANSACTION | |
| control field | 20241119145453.0 |
| 008 - FIXED-LENGTH DATA ELEMENTS--GENERAL INFORMATION | |
| fixed length control field | 241119b xxu||||| |||| 00| 0 eng d |
| 020 ## - INTERNATIONAL STANDARD BOOK NUMBER | |
| International Standard Book Number | 9780323930512 |
| 050 ## - LIBRARY OF CONGRESS CALL NUMBER | |
| Classification number | RC 266 |
| Item number | .C67 2024 |
| 245 ## - TITLE STATEMENT | |
| Title | Core curriculum for oncology nursing / |
| Statement of responsibility, etc | [editors] Jeannine M. Brant, Diane G. Cope, Marlon Garzo Saria. |
| 250 ## - EDITION STATEMENT | |
| Edition statement | 7th ed. |
| 260 ## - PUBLICATION, DISTRIBUTION, ETC. (IMPRINT) | |
| Place of publication, distribution, etc | St. Louis, Missouri : |
| Name of publisher, distributor, etc | Elsevier, |
| Date of publication, distribution, etc | 2024. |
| 300 ## - PHYSICAL DESCRIPTION | |
| Extent | xvi, 592 p. : |
| Other physical details | col. ill. ; |
| Dimensions | 28 cm. |
| 504 ## - BIBLIOGRAPHY, ETC. NOTE | |
| Bibliography, etc | Includes bibliographical references and index. |
| 650 ## - SUBJECT ADDED ENTRY--TOPICAL TERM | |
| Topical term or geographic name as entry element | Cancer |
| Form subdivision | Nursing. |
| 650 ## - SUBJECT ADDED ENTRY--TOPICAL TERM | |
| Topical term or geographic name as entry element | Cancer |
| Form subdivision | Treatment. |
| 942 ## - ADDED ENTRY ELEMENTS (KOHA) | |
| Source of classification or shelving scheme | Library of Congress Classification |
| Koha item type | Books |
| Withdrawn status | Lost status | Source of classification or shelving scheme | Damaged status | Home library | Current library | Shelving location | Date acquired | Source of acquisition | Sub Shelving location | Total Checkouts | Full call number | Barcode | Date last seen | Price effective from | Koha item type |
|---|---|---|---|---|---|---|---|---|---|---|---|---|---|---|---|
| Library of Congress Classification | College Library | College Library | Reserve Section | 11/19/2024 | Library Fund | RC 266 .C67 2024 | C24057 | 11/19/2024 | 11/19/2024 | Books | |||||
| Library of Congress Classification | College Library | College Library | Reserve Section | 06/04/2025 | Library Fund | RC 266 .C67 2024 | C24622 | 08/08/2025 | 08/08/2025 | Books |